Indonesia or Malaysia - Statistics

General Stats
  • This quiz has been taken 325 times
  • The average score is 13 of 15
Answer Stats
Question Answer % Correct
Jakarta Indonesia
100%
Twin tower Malaysia
99%
Batam Indonesia
98%
Sabah Malaysia
93%
Toba Lake Indonesia
92%
Upin and Ipin Malaysia
92%
Rendang Indonesia
91%
Penang Malaysia
90%
Petronas Malaysia
90%
17-8-1945 independence day Indonesia
88%
Batik Indonesia
87%
Melaka city Malaysia
85%
Isabella's song Malaysia
77%
Tanjung Perak Indonesia
69%
Songket Indonesia
53%
No matching quizzes found
Score Distribution
Percent of People with Each Score
Percentile by Number Answered
Your Score History
You have not taken this quiz